Nghiên cứu những điều kiện tác động đến sự tạo củ của năng kim (Eleocharis ochrostachys Steud.) ở vườn quốc gia Tràm Chim Luận văn thạc sĩ. Chuyên ngành: Sinh thái học. Mã số: 60.42.01.20

Đã lưu trong:
Bibliografiske detaljer
Hovedforfatter: Nguyễn, Phan Minh Trung
Andre forfattere: Dương, Văn Ni
Format: Luận văn Pakke Bog
Sprog:Vietnamese
Udgivet: Cần Thơ Đại học Cần Thơ 2012
Fag:
Tags: Tilføj Tag
Ingen Tags, Vær først til at tagge denne postø!
Thư viện lưu trữ: Trung tâm Học liệu Lê Vũ Hùng, Trường Đại học Đồng Tháp
LEADER 01236ppm a22002898a 4500
001 00029951
005 20171026081022.0
008 121204s2012 ||||||viesd
041 0 # |a vie 
082 1 4 |b NGH305C  |a 633.2 
100 1 # |a Nguyễn, Phan Minh Trung 
245 0 0 |c Nguyễn Phan Minh Trung; Dương Văn Ni (hướng dẫn)  |a Nghiên cứu những điều kiện tác động đến sự tạo củ của năng kim (Eleocharis ochrostachys Steud.) ở vườn quốc gia Tràm Chim  |b Luận văn thạc sĩ. Chuyên ngành: Sinh thái học. Mã số: 60.42.01.20 
260 # # |a Cần Thơ  |b Đại học Cần Thơ  |c 2012 
300 # # |a 54 tr.  |c 30 cm.  |e 1 CD 
500 # # |a ĐTTTS ghi: Bộ giáo dục và đào tạo. Trường Đại học Cần Thơ 
653 # # |a Củ năng kim 
653 # # |a Điều kiện tác động 
653 # # |a Tràm Chim 
653 # # |a Luận văn 
700 1 # |a Dương, Văn Ni  |e Hướng dẫn 
852 # # |j LV.0000137 
852 # # |b Kho đọc SĐH  |j LV.0000137 
910 |d 04/12/2012 
980 # # |a Trung tâm Học liệu Lê Vũ Hùng, Trường Đại học Đồng Tháp